[Event "Grand Swiss "]
[Date "2025.09.13"]
[White "Lu, Shanglei"]
[Black "Suleymanli, Aydin"]
[WhiteElo "2647"]
[BlackElo "2602"]
[Round "8.8.35"]
[Result "1/2-1/2"]

1. e4 {[%clk 01:40:57] [%emt 00:00:02]} c6 {[%clk 01:40:55] [%emt 00:00:06]} 2.
d4 {[%clk 01:41:16] [%emt 00:00:10]} d5 {[%clk 01:41:19] [%emt 00:00:05]} 3. e5
{[%clk 01:41:40] [%emt 00:00:07]} Bf5 {[%clk 01:41:39] [%emt 00:00:10]} 4. g4
{[%clk 01:42:05] [%emt 00:00:05]} Be4 {[%clk 01:41:52] [%emt 00:00:16]} 5. f3
{[%clk 01:42:32] [%emt 00:00:05]} Bg6 {[%clk 01:42:18] [%emt 00:00:04]} 6. f4
{[%clk 01:42:57] [%emt 00:00:05]} e6 {[%clk 01:37:18] [%emt 00:05:29]} 7. h4
{[%clk 01:43:25] [%emt 00:00:02]} Be4 {[%clk 01:34:03] [%emt 00:03:45]} 8. Nf3
{[%clk 01:43:52] [%emt 00:00:03]} h5 {[%clk 01:30:36] [%emt 00:03:57]} 9. Nbd2
{[%clk 01:44:20] [%emt 00:00:03]} Bxf3 {[%clk 01:24:00] [%emt 00:07:05]} 10.
Qxf3 {[%clk 01:44:45] [%emt 00:00:05]} hxg4 {[%clk 01:23:28] [%emt 00:01:02]}
11. Qxg4 {[%clk 01:45:11] [%emt 00:00:03]} Nh6 {[%clk 01:22:45] [%emt 00:01:13]}
12. Qg1 {[%clk 01:45:39] [%emt 00:00:02]} Nf5 {[%clk 01:17:50] [%emt 00:05:26]}
13. h5 {[%clk 01:45:28] [%emt 00:00:41]} c5 {[%clk 01:09:03] [%emt 00:09:17]}
14. dxc5 {[%clk 01:41:49] [%emt 00:04:10]} Qa5 {[%clk 01:06:11] [%emt 00:03:22]}
15. Bd3 {[%clk 01:29:54] [%emt 00:12:25]} Nc6 {[%clk 00:59:11] [%emt 00:07:30]}
16. Qg2 {[%clk 01:17:54] [%emt 00:12:29]} O-O-O {[%clk 00:52:58] [%emt
00:06:43]} 17. Rh3 {[%clk 01:12:50] [%emt 00:05:34]} Qb4 {[%clk 00:45:44] [%emt
00:07:44]} 18. Qf1 {[%clk 00:39:12] [%emt 00:34:08]} Bxc5 {[%clk 00:36:08] [%emt
00:10:06]} 19. c3 {[%clk 00:36:57] [%emt 00:02:46]} Qb6 {[%clk 00:33:44] [%emt
00:02:53]} 20. Nb3 {[%clk 00:37:24] [%emt 00:00:02]} Nce7 {[%clk 00:29:36] [%emt
00:04:39]} 21. Bd2 {[%clk 00:35:54] [%emt 00:02:00]} Kb8 {[%clk 00:27:39] [%emt
00:02:27]} 22. O-O-O {[%clk 00:35:01] [%emt 00:01:24]} d4 {[%clk 00:21:47] [%emt
00:06:21]} 23. c4 {[%clk 00:24:49] [%emt 00:10:42]} Ne3 {[%clk 00:15:02] [%emt
00:07:15]} 24. Rxe3 {[%clk 00:24:10] [%emt 00:01:09]} dxe3 {[%clk 00:15:12]
[%emt 00:00:20]} 25. Ba5 {[%clk 00:24:39]} Qc6 {[%clk 00:14:41] [%emt 00:01:01]}
26. Bxd8 {[%clk 00:25:07] [%emt 00:00:03]} Rxd8 {[%clk 00:14:50] [%emt
00:00:20]} 27. Qe2 {[%clk 00:25:00] [%emt 00:00:37]} Bb6 {[%clk 00:14:09] [%emt
00:01:11]} 28. Kb1 {[%clk 00:24:42] [%emt 00:00:48]} a5 {[%clk 00:11:35] [%emt
00:03:04]} 29. c5 {[%clk 00:07:43] [%emt 00:17:30]} a4 {[%clk 00:11:45] [%emt
00:00:20]} 30. cxb6 {[%clk 00:08:04] [%emt 00:00:09]} axb3 {[%clk 00:12:03]
[%emt 00:00:11]} 31. Qxe3 {[%clk 00:08:27] [%emt 00:00:07]} bxa2+ {[%clk
00:11:15] [%emt 00:01:18]} 32. Ka1 {[%clk 00:08:52] [%emt 00:00:05]} Nf5 {[%clk
00:08:21] [%emt 00:03:24]} 33. Qe1 {[%clk 00:05:51] [%emt 00:03:30]} Nd4 {[%clk
00:06:53] [%emt 00:01:58]} 34. Qc3 {[%clk 00:05:37] [%emt 00:00:45]} Qxb6 {[%clk
00:03:52] [%emt 00:03:31]} 35. Bc4 {[%clk 00:05:29] [%emt 00:00:38]} Rd7 {[%clk
00:01:09] [%emt 00:03:13]} 36. Kxa2 {[%clk 00:04:36] [%emt 00:01:23]} Nb5 {[%clk
00:01:20] [%emt 00:00:19]} 37. Qb3 {[%clk 00:04:18] [%emt 00:00:46]} Rxd1 {[%clk
00:01:19] [%emt 00:00:33]} 38. Qxd1 {[%clk 00:04:46] [%emt 00:00:02]} Nd4 {[%clk
00:01:03] [%emt 00:00:45]} 39. Qa4 {[%clk 00:03:00] [%emt 00:02:17]} Qc5 {[%clk
00:01:01] [%emt 00:00:32]} 40. Bd3 {[%clk 00:01:38] [%emt 00:01:52]} Qd5+ {[%clk
00:00:44] [%emt 00:00:47]} 41. Bc4 {[%clk 00:48:46] [%emt 00:03:22]} Qc5 {[%clk
00:47:27] [%emt 00:03:46]} 42. Bd3 {[%clk 00:49:08] [%emt 00:00:09]} Nc6 {[%clk
00:45:13] [%emt 00:02:44]} 43. Qc4 {[%clk 00:40:12] [%emt 00:09:26]} Qa5+ {[%clk
00:42:48] [%emt 00:02:54]} 44. Kb1 {[%clk 00:39:18] [%emt 00:01:25]} Qd2 {[%clk
00:41:39] [%emt 00:01:38]} 45. Bc2 {[%clk 00:32:00] [%emt 00:07:49]} Nb4 {[%clk
00:21:51] [%emt 00:20:17]} 46. b3 {[%clk 00:32:10] [%emt 00:00:21]} Nxc2 {[%clk
00:06:17] [%emt 00:16:04]} 47. Qxc2 {[%clk 00:32:35] [%emt 00:00:05]} Qxf4
{[%clk 00:06:09] [%emt 00:00:38]} 48. Qc5 {[%clk 00:33:02] [%emt 00:00:03]} Qd2
{[%clk 00:05:34] [%emt 00:01:04]} 49. Qf8+ {[%clk 00:29:16] [%emt 00:04:17]} Ka7
{[%clk 00:05:58] [%emt 00:00:06]} 50. Qxg7 {[%clk 00:29:43] [%emt 00:00:03]}
Qd1+ {[%clk 00:06:06] [%emt 00:00:22]} 51. Kb2 {[%clk 00:30:06] [%emt 00:00:08]}
Qe2+ {[%clk 00:04:32] [%emt 00:02:02]} 52. Ka3 {[%clk 00:29:46] [%emt 00:00:50]}
Qxh5 {[%clk 00:04:09] [%emt 00:00:53]} 53. Qg1+ {[%clk 00:30:13] [%emt
00:00:04]} Kb8 {[%clk 00:02:48] [%emt 00:01:51]} 54. Qd4 {[%clk 00:28:39] [%emt
00:02:03]} Qh8 {[%clk 00:01:31] [%emt 00:01:47]} 55. Qd6+ {[%clk 00:29:05] [%emt
00:00:05]} Ka7 {[%clk 00:01:20] [%emt 00:00:40]} 56. Kb4 {[%clk 00:28:47] [%emt
00:00:49]} Qe8 {[%clk 00:00:33] [%emt 00:01:17]} 57. Kc5 {[%clk 00:25:01] [%emt
00:04:16]} Qc8+ {[%clk 00:01:00] [%emt 00:00:03]} 58. Kb5 {[%clk 00:25:23] [%emt
00:00:07]} Qe8+ {[%clk 00:01:27] [%emt 00:00:04]} 59. Kc5 {[%clk 00:25:48] [%emt
00:00:04]} 1/2-1/2

[Site "Europe Echecs"]

[Event "Grand Swiss "]
[Date "2025.09.13"]
[White "Vokhidov, Shamsiddin"]
[Black "Narayanan S L"]
[WhiteElo "2645"]
[BlackElo "2591"]
[Round "8.8.36"]
[Result "1/2-1/2"]

1. e4 {[%clk 01:40:58] [%emt 00:00:01]} c5 {[%clk 01:40:48] [%emt 00:00:12]} 2.
Nf3 {[%clk 01:41:25] [%emt 00:00:04]} Nc6 {[%clk 01:41:11] [%emt 00:00:06]} 3.
d4 {[%clk 01:41:52] [%emt 00:00:03]} cxd4 {[%clk 01:41:35] [%emt 00:00:06]} 4.
Nxd4 {[%clk 01:42:19] [%emt 00:00:03]} e5 {[%clk 01:41:52] [%emt 00:00:13]} 5.
Nb5 {[%clk 01:42:46] [%emt 00:00:03]} d6 {[%clk 01:42:17] [%emt 00:00:05]} 6.
N1c3 {[%clk 01:43:13] [%emt 00:00:03]} a6 {[%clk 01:42:36] [%emt 00:00:12]} 7.
Na3 {[%clk 01:43:41] [%emt 00:00:02]} Be7 {[%clk 01:42:54] [%emt 00:00:11]} 8.
Be3 {[%clk 01:41:18] [%emt 00:02:53]} Nf6 {[%clk 01:42:36] [%emt 00:00:48]} 9.
Nc4 {[%clk 01:40:15] [%emt 00:01:34]} b5 {[%clk 01:42:56] [%emt 00:00:09]} 10.
Nb6 {[%clk 01:39:54] [%emt 00:00:51]} Rb8 {[%clk 01:43:19] [%emt 00:00:06]} 11.
Nxc8 {[%clk 01:37:46] [%emt 00:02:39]} Qxc8 {[%clk 01:43:44] [%emt 00:00:05]}
12. Be2 {[%clk 01:29:09] [%emt 00:09:07]} O-O {[%clk 01:43:51] [%emt 00:00:23]}
13. a3 {[%clk 01:25:57] [%emt 00:03:43]} b4 {[%clk 01:36:08] [%emt 00:08:12]}
14. axb4 {[%clk 01:24:04] [%emt 00:02:24]} Nxb4 {[%clk 01:36:28] [%emt
00:00:10]} 15. O-O {[%clk 01:16:17] [%emt 00:08:16]} Rd8 {[%clk 01:36:25] [%emt
00:00:32]} 16. Bg5 {[%clk 01:05:08] [%emt 00:11:40]} d5 {[%clk 01:26:25] [%emt
00:10:30]} 17. Bxf6 {[%clk 01:04:02] [%emt 00:01:36]} Bxf6 {[%clk 01:26:46]
[%emt 00:00:09]} 18. exd5 {[%clk 01:04:16] [%emt 00:00:17]} e4 {[%clk 01:24:23]
[%emt 00:02:52]} 19. Ra3 {[%clk 00:59:12] [%emt 00:05:34]} Be5 {[%clk 01:02:53]
[%emt 00:22:00]} 20. Qd2 {[%clk 00:50:27] [%emt 00:09:16]} Qf5 {[%clk 00:50:43]
[%emt 00:12:39]} 21. Bc4 {[%clk 00:46:05] [%emt 00:04:53]} Rd6 {[%clk 00:30:15]
[%emt 00:20:57]} 22. Nd1 {[%clk 00:34:45] [%emt 00:11:51]} Nxd5 {[%clk 00:25:54]
[%emt 00:04:50]} 23. Ra5 {[%clk 00:28:51] [%emt 00:06:24]} Rbd8 {[%clk 00:16:36]
[%emt 00:09:48]} 24. Bxd5 {[%clk 00:28:54] [%emt 00:00:27]} Rxd5 {[%clk
00:16:29] [%emt 00:00:37]} 25. Rxd5 {[%clk 00:29:20] [%emt 00:00:04]} Rxd5
{[%clk 00:16:54] [%emt 00:00:05]} 26. Qe2 {[%clk 00:29:48] [%emt 00:00:03]} Qe6
{[%clk 00:12:58] [%emt 00:04:24]} 27. Ne3 {[%clk 00:29:24] [%emt 00:00:55]} Rb5
{[%clk 00:13:18] [%emt 00:00:10]} 28. Rd1 {[%clk 00:28:49] [%emt 00:01:05]} g6
{[%clk 00:13:21] [%emt 00:00:26]} 29. b3 {[%clk 00:29:14] [%emt 00:00:06]} Bf4
{[%clk 00:11:14] [%emt 00:02:37]} 30. Nf1 {[%clk 00:26:47] [%emt 00:02:57]} h5
{[%clk 00:11:25] [%emt 00:00:19]} 31. Rd4 {[%clk 00:20:36] [%emt 00:06:41]} Re5
{[%clk 00:11:38] [%emt 00:00:17]} 32. h3 {[%clk 00:20:46] [%emt 00:00:21]} a5
{[%clk 00:11:11] [%emt 00:00:56]} 33. Ne3 {[%clk 00:19:52] [%emt 00:01:23]} Rg5
{[%clk 00:10:19] [%emt 00:01:23]} 34. Kf1 {[%clk 00:20:08] [%emt 00:00:14]} Bxe3
{[%clk 00:05:56] [%emt 00:04:53]} 35. Qxe3 {[%clk 00:20:36] [%emt 00:00:02]} Re5
{[%clk 00:06:21] [%emt 00:00:05]} 36. Rd8+ {[%clk 00:18:14] [%emt 00:02:52]} Kh7
{[%clk 00:06:50] [%emt 00:00:02]} 37. Qd4 {[%clk 00:17:49] [%emt 00:00:54]} Qf5
{[%clk 00:06:57] [%emt 00:00:24]} 38. Ke1 {[%clk 00:09:19] [%emt 00:08:59]} Qg5
{[%clk 00:06:23] [%emt 00:01:05]} 39. Kd1 {[%clk 00:09:19] [%emt 00:00:29]} e3
{[%clk 00:01:58] [%emt 00:04:55]} 40. fxe3 {[%clk 00:09:17] [%emt 00:00:32]}
Qxe3 {[%clk 00:01:37] [%emt 00:00:51]} 41. Qxe3 {[%clk 00:03:58] [%emt
00:05:49]} Rxe3 {[%clk 00:00:42] [%emt 00:01:25]} 42. Rd5 {[%clk 00:43:29] [%emt
00:10:59]} Rg3 {[%clk 00:48:05] [%emt 00:03:07]} 43. Rd2 {[%clk 00:42:43] [%emt
00:01:16]} f5 {[%clk 00:43:06] [%emt 00:05:28]} 44. Kc1 {[%clk 00:39:46] [%emt
00:03:28]} f4 {[%clk 00:42:16] [%emt 00:01:19]} 45. Kb2 {[%clk 00:38:59] [%emt
00:01:18]} f3 {[%clk 00:41:49] [%emt 00:00:56]} 46. gxf3 {[%clk 00:39:25] [%emt
00:00:04]} Rxf3 {[%clk 00:42:03] [%emt 00:00:17]} 47. h4 {[%clk 00:37:31] [%emt
00:02:25]} Rf4 {[%clk 00:41:03] [%emt 00:01:28]} 1/2-1/2

[Site "Europe Echecs"]

[Event "Grand Swiss "]
[Date "2025.09.13"]
[White "Kuzubov, Yuriy"]
[Black "Xiong, Jeffery"]
[WhiteElo "2600"]
[BlackElo "2640"]
[Round "8.8.37"]
[Result "1/2-1/2"]

1. d4 {[%clk 01:40:56] [%emt 00:00:02]} Nf6 {[%clk 01:40:44] [%emt 00:00:16]} 2.
c4 {[%clk 01:41:20] [%emt 00:00:07]} e6 {[%clk 01:41:02] [%emt 00:00:11]} 3. Nc3
{[%clk 01:40:00] [%emt 00:01:50]} Bb4 {[%clk 01:41:03] [%emt 00:00:29]} 4. e3
{[%clk 01:40:24] [%emt 00:00:06]} O-O {[%clk 01:40:58] [%emt 00:00:34]} 5. Bd2
{[%clk 01:40:22] [%emt 00:00:32]} d5 {[%clk 01:39:42] [%emt 00:01:45]} 6. Nf3
{[%clk 01:39:22] [%emt 00:01:31]} b6 {[%clk 01:35:17] [%emt 00:04:56]} 7. cxd5
{[%clk 01:34:54] [%emt 00:04:58]} exd5 {[%clk 01:35:38] [%emt 00:00:09]} 8. Rc1
{[%clk 01:33:53] [%emt 00:01:31]} Be7 {[%clk 01:22:19] [%emt 00:13:49]} 9. Bd3
{[%clk 01:19:30] [%emt 00:14:53]} c5 {[%clk 01:22:30] [%emt 00:00:19]} 10. Ne5
{[%clk 01:17:11] [%emt 00:02:49]} Bb7 {[%clk 01:20:21] [%emt 00:02:40]} 11. O-O
{[%clk 01:15:19] [%emt 00:02:21]} Nc6 {[%clk 01:18:50] [%emt 00:02:01]} 12. Nxc6
{[%clk 00:38:59] [%emt 00:36:50]} Bxc6 {[%clk 01:19:15] [%emt 00:00:04]} 13.
dxc5 {[%clk 00:39:13] [%emt 00:00:17]} bxc5 {[%clk 01:19:35] [%emt 00:00:09]}
14. Ne2 {[%clk 00:39:34] [%emt 00:00:10]} a5 {[%clk 01:01:41] [%emt 00:18:25]}
15. Nd4 {[%clk 00:34:46] [%emt 00:05:17]} Bd7 {[%clk 01:01:36] [%emt 00:00:35]}
16. Nf5 {[%clk 00:35:03] [%emt 00:00:14]} Bxf5 {[%clk 01:01:28] [%emt 00:00:38]}
17. Bxf5 {[%clk 00:35:27] [%emt 00:00:06]} Qb6 {[%clk 01:01:29] [%emt 00:00:29]}
18. b3 {[%clk 00:26:08] [%emt 00:09:49]} Rfd8 {[%clk 01:01:22] [%emt 00:00:36]}
19. Qc2 {[%clk 00:23:54] [%emt 00:02:44]} Qa7 {[%clk 00:39:26] [%emt 00:22:26]}
20. Rfd1 {[%clk 00:14:09] [%emt 00:10:15]} a4 {[%clk 00:39:20] [%emt 00:00:36]}
21. Bc3 {[%clk 00:14:05] [%emt 00:00:34]} d4 {[%clk 00:34:02] [%emt 00:05:49]}
22. Bd2 {[%clk 00:09:00] [%emt 00:05:34]} axb3 {[%clk 00:28:57] [%emt 00:05:35]}
23. axb3 {[%clk 00:09:27] [%emt 00:00:04]} Qb8 {[%clk 00:29:21] [%emt 00:00:06]}
24. exd4 {[%clk 00:04:36] [%emt 00:05:21]} cxd4 {[%clk 00:29:49] [%emt
00:00:02]} 25. Bd3 {[%clk 00:04:41] [%emt 00:00:26]} h6 {[%clk 00:26:08] [%emt
00:04:10]} 26. Bc4 {[%clk 00:03:27] [%emt 00:01:44]} Ng4 {[%clk 00:21:59] [%emt
00:04:39]} 27. g3 {[%clk 00:02:38] [%emt 00:01:19]} Ne5 {[%clk 00:17:59] [%emt
00:04:30]} 28. Qe4 {[%clk 00:02:33] [%emt 00:00:35]} Nxc4 {[%clk 00:17:18] [%emt
00:01:11]} 29. bxc4 {[%clk 00:02:59] [%emt 00:00:05]} Bc5 {[%clk 00:17:29] [%emt
00:00:19]} 30. Rb1 {[%clk 00:02:40] [%emt 00:00:48]} Qc8 {[%clk 00:17:57] [%emt
00:00:02]} 31. Bf4 {[%clk 00:01:43] [%emt 00:01:28]} g5 {[%clk 00:16:31] [%emt
00:01:55]} 32. Bd2 {[%clk 00:01:20] [%emt 00:00:52]} d3 {[%clk 00:15:03] [%emt
00:01:59]} 33. Rb5 {[%clk 00:00:39] [%emt 00:01:11]} Bd4 {[%clk 00:08:37] [%emt
00:06:55]} 34. Rd5 {[%clk 00:00:42] [%emt 00:00:28]} Rxd5 {[%clk 00:02:42] [%emt
00:06:25]} 35. Qxd5 {[%clk 00:01:00] [%emt 00:00:11]} Qd8 {[%clk 00:02:50] [%emt
00:00:22]} 1/2-1/2

[Site "Europe Echecs"]

[Event "Grand Swiss "]
[Date "2025.09.13"]
[White "Cheparinov, Ivan"]
[Black "Zemlyanskii, Ivan"]
[WhiteElo "2627"]
[BlackElo "2586"]
[Round "8.8.38"]
[Result "1/2-1/2"]

1. e4 {[%clk 01:40:56] [%emt 00:00:02]} e5 {[%clk 01:40:55] [%emt 00:00:06]} 2.
Nf3 {[%clk 01:41:22] [%emt 00:00:04]} Nc6 {[%clk 01:41:21] [%emt 00:00:04]} 3.
Bc4 {[%clk 01:41:45] [%emt 00:00:06]} Nf6 {[%clk 01:41:47] [%emt 00:00:05]} 4.
d3 {[%clk 01:42:01] [%emt 00:00:14]} Be7 {[%clk 01:42:12] [%emt 00:00:05]} 5.
O-O {[%clk 01:42:22] [%emt 00:00:09]} O-O {[%clk 01:42:38] [%emt 00:00:04]} 6.
Nc3 {[%clk 01:42:35] [%emt 00:00:17]} d6 {[%clk 01:43:03] [%emt 00:00:05]} 7. a4
{[%clk 01:42:59] [%emt 00:00:05]} Bg4 {[%clk 01:43:26] [%emt 00:00:07]} 8. h3
{[%clk 01:43:22] [%emt 00:00:07]} Bh5 {[%clk 01:43:52] [%emt 00:00:04]} 9. Nd5
{[%clk 01:43:06] [%emt 00:00:46]} Nxd5 {[%clk 01:43:52] [%emt 00:00:31]} 10.
Bxd5 {[%clk 01:43:29] [%emt 00:00:07]} Nb4 {[%clk 01:44:13] [%emt 00:00:08]} 11.
Bb3 {[%clk 01:43:52] [%emt 00:00:08]} a5 {[%clk 01:44:40] [%emt 00:00:03]} 12.
Be3 {[%clk 01:43:39] [%emt 00:00:42]} c6 {[%clk 01:39:18] [%emt 00:05:53]} 13.
g4 {[%clk 01:43:41] [%emt 00:00:28]} Bg6 {[%clk 01:39:42] [%emt 00:00:07]} 14.
Kh2 {[%clk 01:44:05] [%emt 00:00:05]} Kh8 {[%clk 01:31:49] [%emt 00:08:23]} 15.
h4 {[%clk 01:40:14] [%emt 00:04:21]} Bxh4 {[%clk 01:22:40] [%emt 00:09:39]} 16.
Rh1 {[%clk 01:40:38] [%emt 00:00:05]} Be7 {[%clk 01:18:01] [%emt 00:05:10]} 17.
Kg2 {[%clk 01:40:03] [%emt 00:01:05]} Qd7 {[%clk 00:58:15] [%emt 00:20:17]} 18.
Rh3 {[%clk 01:39:40] [%emt 00:00:52]} b5 {[%clk 00:56:31] [%emt 00:02:15]} 19.
g5 {[%clk 01:11:58] [%emt 00:28:12]} bxa4 {[%clk 00:51:56] [%emt 00:05:05]} 20.
Bxa4 {[%clk 01:12:26] [%emt 00:00:01]} f5 {[%clk 00:48:20] [%emt 00:04:06]} 21.
Nh4 {[%clk 01:12:54] [%emt 00:00:02]} Qe6 {[%clk 00:47:43] [%emt 00:01:06]} 22.
c3 {[%clk 00:45:03] [%emt 00:28:23]} f4 {[%clk 00:45:08] [%emt 00:03:05]} 23.
Bc1 {[%clk 00:44:57] [%emt 00:00:35]} Bxg5 {[%clk 00:42:10] [%emt 00:03:28]} 24.
cxb4 {[%clk 00:41:12] [%emt 00:04:16]} Bxh4 {[%clk 00:40:18] [%emt 00:02:23]}
25. Rxh4 {[%clk 00:41:35] [%emt 00:00:06]} Qf6 {[%clk 00:39:22] [%emt 00:01:26]}
26. Qg4 {[%clk 00:36:06] [%emt 00:05:59]} axb4 {[%clk 00:38:15] [%emt 00:01:38]}
27. b3 {[%clk 00:35:17] [%emt 00:01:19]} Bf7 {[%clk 00:24:37] [%emt 00:14:08]}
28. Bb2 {[%clk 00:33:53] [%emt 00:01:54]} c5 {[%clk 00:19:27] [%emt 00:05:40]}
29. Rah1 {[%clk 00:21:51] [%emt 00:12:31]} h6 {[%clk 00:19:23] [%emt 00:00:34]}
30. Kf3 {[%clk 00:21:20] [%emt 00:01:01]} Be6 {[%clk 00:15:40] [%emt 00:04:13]}
31. Qg1 {[%clk 00:21:17] [%emt 00:00:32]} Kh7 {[%clk 00:15:01] [%emt 00:01:10]}
32. Rh5 {[%clk 00:20:39] [%emt 00:01:06]} Bf7 {[%clk 00:08:17] [%emt 00:07:16]}
33. R5h2 {[%clk 00:13:53] [%emt 00:07:16]} Qe7 {[%clk 00:07:43] [%emt 00:01:05]}
34. Rg2 {[%clk 00:13:02] [%emt 00:01:20]} Rg8 {[%clk 00:05:30] [%emt 00:02:44]}
35. Rg5 {[%clk 00:07:57] [%emt 00:05:34]} Raf8 {[%clk 00:05:38] [%emt 00:00:22]}
36. Ke2 {[%clk 00:05:34] [%emt 00:02:52]} Be6 {[%clk 00:04:57] [%emt 00:01:12]}
37. Kd2 {[%clk 00:02:19] [%emt 00:03:45]} Rf6 {[%clk 00:04:43] [%emt 00:00:44]}
38. f3 {[%clk 00:01:53] [%emt 00:00:57]} Qf7 {[%clk 00:04:31] [%emt 00:00:42]}
39. Kc2 {[%clk 00:02:15] [%emt 00:00:08]} Ra8 {[%clk 00:03:39] [%emt 00:01:22]}
40. Rg2 {[%clk 00:01:18] [%emt 00:01:26]} Ra7 {[%clk 00:02:47] [%emt 00:01:22]}
41. Qe1 {[%clk 00:45:02] [%emt 00:06:44]} Rg6 {[%clk 00:36:44] [%emt 00:16:35]}
42. Rxg6 {[%clk 00:43:41] [%emt 00:01:51]} Qxg6 {[%clk 00:37:07] [%emt
00:00:07]} 43. Qf2 {[%clk 00:43:41] [%emt 00:00:30]} Qf7 {[%clk 00:35:33] [%emt
00:02:04]} 44. Qg1 {[%clk 00:37:36] [%emt 00:06:34]} c4 {[%clk 00:27:13] [%emt
00:08:52]} 45. dxc4 {[%clk 00:36:49] [%emt 00:01:17]} Bxc4 {[%clk 00:27:02]
[%emt 00:00:41]} 46. Kd2 {[%clk 00:22:26] [%emt 00:14:53]} Ra8 {[%clk 00:20:22]
[%emt 00:07:09]} 47. Qd1 {[%clk 00:20:47] [%emt 00:02:08]} Be6 {[%clk 00:20:43]
[%emt 00:00:09]} 48. Kc1 {[%clk 00:20:37] [%emt 00:00:40]} Bd7 {[%clk 00:15:14]
[%emt 00:06:00]} 49. Qxd6 {[%clk 00:16:12] [%emt 00:04:55]} Bxa4 {[%clk
00:13:20] [%emt 00:02:23]} 50. bxa4 {[%clk 00:16:40] [%emt 00:00:02]} Qb3 {[%clk
00:07:39] [%emt 00:06:11]} 51. Qc6 {[%clk 00:10:55] [%emt 00:06:15]} Ra7 {[%clk
00:06:31] [%emt 00:01:37]} 52. Qc5 {[%clk 00:04:50] [%emt 00:06:35]} Qxf3 {[%clk
00:05:11] [%emt 00:01:50]} 53. Rd1 {[%clk 00:05:09] [%emt 00:00:12]} Rf7 {[%clk
00:04:42] [%emt 00:00:59]} 54. Qxe5 {[%clk 00:05:13] [%emt 00:00:26]} Qe2 {[%clk
00:04:17] [%emt 00:00:54]} 55. Rd2 {[%clk 00:01:43] [%emt 00:04:01]} Qc4+ {[%clk
00:01:56] [%emt 00:02:51]} 56. Kb1 {[%clk 00:02:12] [%emt 00:00:01]} f3 {[%clk
00:01:44] [%emt 00:00:42]} 57. Rf2 {[%clk 00:01:43] [%emt 00:00:59]} Qd3+ {[%clk
00:01:32] [%emt 00:00:41]} 58. Ka2 {[%clk 00:02:02] [%emt 00:00:10]} Ra7 {[%clk
00:00:32] [%emt 00:01:31]} 59. a5 {[%clk 00:01:52] [%emt 00:00:41]} Qd8 {[%clk
00:00:32] [%emt 00:00:30]} 60. Kb1 {[%clk 00:00:41] [%emt 00:01:41]} Qd3+ {[%clk
00:00:31] [%emt 00:00:31]} 61. Ka2 {[%clk 00:14:26] [%emt 00:01:45]} Qd8 {[%clk
00:11:55] [%emt 00:04:05]} 62. Kb1 {[%clk 00:14:54] [%emt 00:00:02]} Qd1+ {[%clk
00:09:04] [%emt 00:03:21]} 63. Bc1 {[%clk 00:08:55] [%emt 00:06:29]} Qd3+ {[%clk
00:09:27] [%emt 00:00:07]} 64. Kb2 {[%clk 00:07:59] [%emt 00:01:26]} Qa3+ {[%clk
00:06:12] [%emt 00:03:47]} 65. Kb1 {[%clk 00:08:18] [%emt 00:00:10]} Qd3+ {[%clk
00:06:40] [%emt 00:00:01]} 66. Kb2 {[%clk 00:08:44] [%emt 00:00:04]} Qa3+ {[%clk
00:03:07] [%emt 00:04:03]} 67. Kb1 {[%clk 00:09:12] [%emt 00:00:01]} Rxa5 {[%clk
00:02:37] [%emt 00:01:00]} 68. Bxa3 {[%clk 00:07:15] [%emt 00:02:27]} Rxe5
{[%clk 00:03:06] [%emt 00:00:01]} 69. Bb2 {[%clk 00:06:45] [%emt 00:01:00]} Rxe4
{[%clk 00:03:25] [%emt 00:00:10]} 70. Rxf3 {[%clk 00:07:13] [%emt 00:00:02]} g5
{[%clk 00:03:06] [%emt 00:00:48]} 71. Kc2 {[%clk 00:06:43] [%emt 00:01:00]} Rf4
{[%clk 00:02:15] [%emt 00:01:22]} 72. Rxf4 {[%clk 00:06:39] [%emt 00:00:35]}
gxf4 {[%clk 00:02:43] [%emt 00:00:01]} 73. Bc1 {[%clk 00:06:59] [%emt 00:00:10]}
f3 {[%clk 00:02:35] [%emt 00:00:38]} 74. Kd3 {[%clk 00:07:26] [%emt 00:00:04]}
b3 {[%clk 00:02:48] [%emt 00:00:16]} 75. Ke3 {[%clk 00:07:52] [%emt 00:00:04]}
Kg6 {[%clk 00:03:13] [%emt 00:00:06]} 76. Kxf3 {[%clk 00:08:19] [%emt 00:00:03]}
Kf5 {[%clk 00:03:37] [%emt 00:00:06]} 77. Bb2 {[%clk 00:08:44] [%emt 00:00:05]}
h5 {[%clk 00:04:02] [%emt 00:00:04]} 78. Kg3 {[%clk 00:09:12] [%emt 00:00:02]}
Ke4 {[%clk 00:04:27] [%emt 00:00:06]} 79. Kh4 {[%clk 00:09:40] [%emt 00:00:02]}
Kd3 {[%clk 00:04:50] [%emt 00:00:07]} 80. Kxh5 {[%clk 00:10:08] [%emt 00:00:01]}
Kc2 {[%clk 00:05:13] [%emt 00:00:07]} 81. Bh8 {[%clk 00:10:36] [%emt 00:00:02]}
b2 {[%clk 00:05:37] [%emt 00:00:06]} 82. Bxb2 {[%emt 00:00:03]} 1/2-1/2

[Site "Europe Echecs"]